000 00429cam a2200181 4500
001 D7028
008 090401t1909 xxu||||| |||| 00| 0 eng d
035 _a(Sirsi) u4776
041 _aeng
050 _a634.9280212
100 _aMaw, Percival Trentham
245 _aMaw`s forest tables
260 _aBrockenhurst, Hants
_bWalter and Walter
_c1909
300 _a31p. 21cm
350 _a0
942 _n0
948 _c04/03/1997
999 _c86064
_d86064